1863 1775 1557 1238 1205 1167 1958 1150 1641 1252 1063 1845 1412 1257 1155 1163 1362 1165 1658 1684 1754 1770 1167 1241 1592 1313 1908 1974 1836 1577 1188 1009 1677 1470 1579 1197 1005 1044 1887 1982 1780 1133 1452 1007 1338 1279 1323 1076 1463 1335 1701 1375 1500 1879 1705 1866 1155 1171 1105 1896 1763 1970 1463 1086 1593 1968 1955 1999 1761 1841 1739 1951 1705 1502 1300 1253 1574 1149 1269 1963 1657 1155 1272 1065 1031 1499 1612 1665 1572 1127 1566 1936 1604 1175 1319 1735 1067 1588 1044 BCNSPRNW ULIB Ver.6.0+V

เปลี่ยนเป็นภาษาไทย

Change to English
 แสดงรายละเอียดบรรณานุกรม
  กลับหน้าหลัก

Brief Record : Get Marc (ISO 2709) : E-mail record : QR code < ปิดหน้าต่าง
LEADER : 00000nam 2200000uu 4500
001    13399125173
003     ULIB
008    161027s2549||||th 000 0 tha d
020    9742964858
099    ^aวจ.WM172^bก318ร
245 00 ^aรายงานการวิจัยเชิงคุณภาพ เรื่องการศึกษาลักษณะของปัจจัยทางจิตสังคมในผู้ป่วยโรคซึมเศร้าโดยใช้กระบวนการตรวจวินิจฉัยทางจิตวิทยาคลินิก
260    ^aนครสวรรค์:^bกลุ่มงานจิตวิทยา โรงพยาบาลจิตเวชนครสวรรค์ราชนครินทร์ ,^c2549
300    ^a44 หน้า
710 1  ู^bกลุ่มงานจิตวิทยา โรงพยาบาลจิตเวชนครสวรรค์ราชนครินทร์
945    ^p0^l0^i001421
945    ^p0^l0^i001422
999    ^aวรรณษา ชูชัยมงคล
รายการนี้ยังไม่มีแท็ก
คุณยังไม่ได้ล็อกอิน คุณสามารถมีกิจกรรมร่วมกับเว็บไซต์ได้ แต่ต้องล็อกอินก่อน ::
  ล็อกอิน

รายการสื่อสารสนเทศ

ลำดับที่ ประเภท เลขเรียก/บาร์โค้ด สถานที่ สถานะ
1. งานวิจัย
งานวิจัย
วจ.WM172 ก318ร ฉ.1 
  Barcode: 001421
ห้องสมุดวิทยาเขตสวรรค์ประชารักษ์
►วิจัย
บนชั้น
2. งานวิจัย
งานวิจัย
วจ.WM172 ก318ร ฉ.2 
  Barcode: 001422
ห้องสมุดวิทยาเขตสวรรค์ประชารักษ์
►วิจัย
บนชั้น

BibComment


ยังไม่เคยถูกคอมเมนท์

คอมเมนท์ทรัพยากรรายการนี้
  คอมเมนท์: รายงานการวิจัยเช..


 Copyright 2026. Bcnsprnw @Library